Feature writing for newspapers and magazines : the pursuit of excellence /

Sparad:
Bibliografiska uppgifter
Huvudupphovsman: Friedlander, Edward Jay
Övriga upphovsmän: Lee, John, 1931-
Materialtyp: Bok
Språk:English
Publicerad: New York, NY : HarperCollinsCollegePublishers, c1993.
Upplaga:2nd ed.
Ämnen:
LEADER 01048nam a2200289 a 4500
001 c000175636
003 CARM
005 20041104144508.0
008 920518s1993 nyu 001 0 eng
010 |a 92018918 //r93 
019 1 |a 9079353  |5 LACONCORD2021 
020 |a 0065006615 
035 |a (OCoLC)25965229  |5 LACONCORD2021 
040 |a LC  |b eng  |c LC  |d LC 
050 0 0 |a PN4784.F37  |b F75 1993 
082 0 0 |a 070.4/4  |2 20 
100 1 |a Friedlander, Edward Jay. 
245 1 0 |a Feature writing for newspapers and magazines :  |b the pursuit of excellence /  |c Edward Jay Friedlander, John Lee. 
250 |a 2nd ed. 
260 |a New York, NY :  |b HarperCollinsCollegePublishers,  |c c1993. 
300 |a xiii, 351 p. ;  |c 24 cm. 
500 |a Includes index. 
650 0 |a Feature writing. 
700 1 |a Lee, John,  |d 1931- 
852 8 |b CARM  |h A2:AO07F0  |i C06251  |p 0246423  |f BK 
999 f f |i 1dc4f80f-8161-5617-913d-b423e1d692fa  |s 9258ac41-e6a8-5a1c-a550-f194c0a159c4 
952 f f |p Can circulate  |a CAVAL  |b CAVAL  |c CAVAL  |d CARM 1 Store  |e C06251  |f A2:AO07F0  |h Other scheme  |i book  |m 0246423